000 00694nam a2200229Ia 4500
001 16030
003 GE_BSU
008 181216s||||||||xx |||||||||||||| ||und||
040 _cGE_BSU
080 _a821.353.1-1
100 _aჭანტურია, ტარიელი
245 _aახალი მთვარე
245 _bლექსები
245 _cრედ.მ.ქოიავა. მხ. ო.ჯიშკარიანი
260 _aთბილისი
260 _bსაბჭ. აჭარა
260 _c1970
300 _a111გვ. ; 16სმ.
653 _aახალი მთვარე
653 _aლექსები
942 _cBK
999 _c49120
_d49120